Catálogo público

Normal view MARC view

Entry Término temático

Number of records used in: 1

001 - NÚMERO DE CONTROL

  • campo de control: 166281

003 - IDENTIFICADOR DEL NÚMERO DE CONTROL

  • campo de control: OSt

005 - FECHA Y HORA DE LA ÚLTIMA TRANSACCIÓN

  • campo de control: 20220127160933.0

008 - DATOS DE LONGITUD FIJA

  • campo de control de longitud fija: 220127|| aca||aabn | a|a d

040 ## - FUENTE DE LA CATALOGACIÓN

  • Centro catalogador/agencia de origen: OSt
  • Centro/agencia transcriptor: OSt

150 ## - ENCABEZAMIENTO--TÉRMINO DE MATERIA

  • Término de materia o nombre geográfico como elemento de entrada: Abonos
  • Subdivisión general: Efecto en calabaza Abonos
  • Subdivisión general: Efecto en maíz Siembra múltiple Agricultura de temporal Maíz
  • Subdivisión general: Rendimiento Calabaza
  • Subdivisión general: Rendimiento Digestor anaeróbico

670 ## - FUENTE DE DATOS ENCONTRADOS

  • Cita de la fuente: Work cat.: (OSt)201373: Guzmán Salas, Juan Carlos 52007, Efecto de la fertilización con efluentes de un digestor anaeróbico en maíz (Zea mayz L.) y calabaza (Cucurbita pepo L.) asociados y en un cultivo bajo condiciones de temporal Chapingo, Méx. /